3500 từ vựng tiếng Trung theo chủ đề

Spremljeno u:
Bibliografski detalji
Glavni autor: Ngô, Ngọc Khánh
Format: Knjiga
Izdano: Đồng Nai Đồng Nai 2019
Teme:
Oznake: Dodaj oznaku
Bez oznaka, Budi prvi tko označuje ovaj zapis!
Thư viện lưu trữ: Trung tâm Học liệu Lê Vũ Hùng, Trường Đại học Đồng Tháp
LEADER 00776pam a22002538a 4500
001 00046064
005 20201202111225.0
008 110505s1997 ||||||Viesd
020 # # |c 69000  |a 9786045281369 
041 0 # |a Vie 
082 1 # |a 495.1  |b B100NGH 
100 1 # |a Ngô, Ngọc Khánh 
245 0 0 |c Ngô Ngọc Khánh  |a 3500 từ vựng tiếng Trung theo chủ đề 
260 # # |a Đồng Nai  |b Đồng Nai  |c 2019 
300 # # |a 215 tr.  |c 19 cm 
653 # # |a Chủ đề 
653 # # |a Từ vựng 
653 # # |a Luyện thi 
653 # # |a Ngôn ngữ 
653 # # |a Thực hành 
653 # # |a Tiếng Trung 
852 # # |j KD.0027605 
910 # # |d 02/12/2020 
980 # # |a Trung tâm Học liệu Lê Vũ Hùng, Trường Đại học Đồng Tháp